Datum a čas kvízu
21.5
Celkem bodů
Celkový počet nahraných bodů na tomto kvízu bez doplňovacích otázek.
6.
Pořadí na kvízu
Konečné umístění týmu na tomto kvízu.
Zaznamenané odpovědi
| # | Otázka | Odpověď | Body | Výsledky |
|---|---|---|---|---|
| 1. | Napište čtyři slova, jimiž něk... | Společnost pro podporu Ukrajiny | 0 | |
| 2. | Parašutista Nicolas Scarabrin... | oko jehly | 0 | |
| 3. | Která moderátorka oznámila, že... | Lucie Výborná | 1 | |
| 4. | Který známý šéfkuchař oznámil... | Emanuele Ridi | 0 | |
| 5. | Hokejový útočník Ondřej Palát... | New York Islanders | 1 | |
| 6. | Na obrázku níže můžete vidět d... | Drákula a Frankenstein | 1 | |
| 7. | Co by to bylo za hororové téma... | C | 0 | |
| 8. | Ze které (převážně videoherní)... | Silent Hill | 0 | |
| 9. | Přiřaďte herce a herečky k jej... | 1A 2D 3C 4B | 0 | |
| 10. | Čím je inspirován česko-americ... | D | 1 |